Binary digital image processing : a discrete approach /
This book is aimed at faculty, postgraduate students and industry specialists. It is both a text reference and a textbook that reviews and analyses the research output in this field of binary image processing. It is aimed at both advanced researchers as well as educating the novice to this area. The...
| Main Author: | |
|---|---|
| Other Authors: | |
| Format: | eBook |
| Language: | English |
| Published: |
San Diego :
Academic Press,
[2000]
|
| Subjects: | |
| Online Access: | Connect to the full text of this electronic book Table of contents Publisher description |
MARC
| Tag | First Indicator | Second Indicator | Subfields |
|---|---|---|---|
| LEADER | 00000cam a2200000Ia 4500 | ||
| 001 | in00002425457 | ||
| 005 | 20190327171550.0 | ||
| 006 | m d | ||
| 007 | cr cn||||||||| | ||
| 008 | 070802s2000 caua sb 001 0 eng d | ||
| 020 | |a 9780124705050 | ||
| 020 | |a 0124705057 | ||
| 035 | |a (OCoLC)ocn162129310 | ||
| 035 | |a (OCoLC)162129310 | ||
| 037 | |a 88786:88786 |b Elsevier Science & Technology |n http://www.sciencedirect.com | ||
| 040 | |a OPELS |c OPELS |d UtOrBLW | ||
| 049 | |a TEFA | ||
| 050 | 1 | 4 | |a TA1637 |b .M334 2000eb |
| 082 | 0 | 4 | |a 621.36/7 |2 22 |
| 100 | 1 | |a Marchand-Maillet, Stéphane. | |
| 245 | 1 | 0 | |a Binary digital image processing : |b a discrete approach / |c Stéphane Marchand-Maillet, Yazid M. Sharaiha. |
| 264 | 1 | |a San Diego : |b Academic Press, |c [2000] | |
| 264 | 4 | |c ©2000 | |
| 300 | |a xxv, 251 pages : |b illustrations ; |c 25 cm. | ||
| 336 | |a text |b txt |2 rdacontent | ||
| 337 | |a computer |b c |2 rdamedia | ||
| 338 | |a online resource |b cr |2 rdacarrier | ||
| 533 | |a Electronic reproduction. |b Amsterdam : |c Elsevier Science & Technology, |d 2007. |n Mode of access: World Wide Web. |n System requirements: Web browser. |n Title from title screen (viewed on July 25, 2007). |n Access may be restricted to users at subscribing institutions. | ||
| 520 | |a This book is aimed at faculty, postgraduate students and industry specialists. It is both a text reference and a textbook that reviews and analyses the research output in this field of binary image processing. It is aimed at both advanced researchers as well as educating the novice to this area. The theoretical part of this book includes the basic principles required for binary digital image analysis. The practical part which will take an algorithmic approach addresses problems which find applications beyond binary digital line image processing. The book first outlines the theoretical framework underpinning the study of digital image processing with particular reference to those needed for line image processing. The theoretical tools in the first part of the book set the stage for the second and third parts, where low-level binary image processing is addressed and then intermediate level processing of binary line images is studied. The book concludes with some practical applications of this work by reviewing some industrial and software applications (engineering drawing storage and primitive extraction, fingerprint compression). The book: * outlines the theoretical framework underpinning the study of digital image processing with particular reference to binary line image processing * addresses low-level binary image processing, reviewing a number of essential characteristics of binary digital images and providing solution procedures and algorithms * includes detailed reviews of topics in binary digital image processing with up-to-date research references in relation to each of the problems under study * includes some practical applications of this work by reviewing some common applications * covers a range of topics, organised by theoretical field rather than being driven by problem definitions. | ||
| 505 | 0 | |a Foreword. Acknowledgements. Notation. Preface. Digital topology. Discrete geometry. Algorithmic graph theory. Acquisition and storage. Distance transformations. Binary digital image characteristics. Image thinning. Some applications. References. Index. | |
| 504 | |a Includes bibliographical references and index. | ||
| 500 | |a Electronic resource. | ||
| 650 | 0 | |a Image processing |x Digital techniques. | |
| 650 | 0 | |a Binary system (Mathematics) | |
| 650 | 4 | |a Image processing |x Mathematics. | |
| 655 | 7 | |a Electronic books. |2 local | |
| 700 | 1 | |a Sharaiha, Yazid M., |d 1966- | |
| 730 | 0 | |a Referex. | |
| 776 | 1 | |c Original |z 0124705057 |z 9780124705050 |w (DLC) 99064631 |w (OCoLC)42622202 | |
| 856 | 4 | 0 | |u http://proxy.library.tamu.edu/login?url=http://www.sciencedirect.com/science/book/9780124705050 |z Connect to the full text of this electronic book |t 0 |
| 856 | 4 | 2 | |3 Table of contents |u http://www.loc.gov/catdir/toc/els033/99064631.html |t 0 |
| 856 | 4 | 2 | |3 Publisher description |u http://www.loc.gov/catdir/description/els033/99064631.html |t 0 |
| 994 | |a C0 |b TEF | ||
| 999 | |a MARS | ||
| 999 | f | f | |s 8598e2ed-1afd-34ca-acc8-44daf2266b80 |i 03ac0aea-8be5-3d04-aeaa-bb7ee90f19f4 |t 0 |
| 952 | f | f | |a Texas A&M University |b College Station |c Electronic Resources |d Available Online |t 0 |e TA1637 .M334 2000eb |h Library of Congress classification |
| 998 | f | f | |a TA1637 .M334 2000eb |t 0 |l Available Online |